[Event "Muensterland Verbandsliga playoff 1-4"]
[Site "Germany"]
[Date "2023.03.25"]
[Round "1.2"]
[White "Noering, Andreas"]
[Black "Preuss, Richard"]
[Result "0-1"]
[WhiteElo "1817"]
[BlackElo "1793"]
[PlyCount "60"]
[EventDate "2022.03.25"]
[EventType "team-k.o."]
[EventRounds "2"]
[EventCountry "GER"]
[SourceTitle "EXT 2024"]
[Source "ChessBase"]
[SourceDate "2023.10.10"]
[SourceVersion "1"]
[SourceVersionDate "2023.10.10"]
[SourceQuality "1"]
[WhiteTeam "Emsdetten Rochade II"]
[BlackTeam "Olfen"]
[WhiteTeamCountry "GER"]
[BlackTeamCountry "GER"]

1. e4 e6 2. d4 d5 3. Nd2 Nf6 4. e5 Nfd7 5. Bd3 c5 6. c3 Nc6 7. Ne2 Be7 8. 0-0 Qb6 9. Nf3 0-0 10. a3 Re8 11. Qc2 Nf8 12. Be3 cxd4 13. cxd4 Bd7 14. Rac1 Rac8 15. Qb1 a5 16. Rc2 Na7 17. Rfc1 Rxc2 18. Rxc2 Bxa3 19. Nf4 Be7 20. Nh5 Bb5 21. Bxb5 Nxb5 22. Qc1 Ng6 23. Bh6 Nxd4 24. Bxg7 Rd8 25. Qh6 Nf5 26. Qd2 Nxg7 27. Nf6+ Bxf6 28. exf6 Ne8 29. Qg5 Qd6 30. g3 e5 0-1

[Event "Muensterland Verbandsliga Gr1 2223"]
[Site "Germany"]
[Date "2022.10.22"]
[Round "2.2"]
[White "Noering, Andreas"]
[Black "Hanewinkel, Winfried"]
[Result "1/2-1/2"]
[WhiteElo "1809"]
[BlackElo "1864"]
[PlyCount "62"]
[EventDate "2022.09.10"]
[EventType "team-tourn"]
[EventRounds "5"]
[EventCountry "GER"]
[SourceTitle "EXT 2024"]
[Source "ChessBase"]
[SourceDate "2023.10.10"]
[SourceVersion "1"]
[SourceVersionDate "2023.10.10"]
[SourceQuality "1"]
[WhiteTeam "Emsdetten Rochade II"]
[BlackTeam "Beelen"]
[WhiteTeamCountry "GER"]
[BlackTeamCountry "GER"]

1. e4 c5 2. Nf3 Nc6 3. d4 cxd4 4. Nxd4 Nf6 5. Nc3 e5 6. Ndb5 d6 7. Nd5 Nxd5 8. exd5 Nb8 9. c4 Be7 10. Bd3 0-0 11. 0-0 a6 12. Nc3 Nd7 13. Be3 f5 14. f3 Nf6 15. Qc2 g6 16. Na4 Nd7 17. b4 b6 18. Rac1 Bg5 19. Qf2 Bxe3 20. Qxe3 Bb7 21. c5 bxc5 22. bxc5 Nxc5 23. Nxc5 dxc5 24. Rxc5 Qd6 25. Rfc1 Rac8 26. Rxc8 Rxc8 27. Rxc8+ Bxc8 28. Bc4 Kg7 29. Bb3 Kf6 30. h4 f4 31. Qa7 h5 1/2-1/2

[Event "Muensterland Verbandsliga Gr1 2223"]
[Site "Germany"]
[Date "2022.09.10"]
[Round "1.3"]
[White "Noering, Andreas"]
[Black "Hemmert, Michael"]
[Result "1/2-1/2"]
[WhiteElo "1809"]
[BlackElo "1765"]
[PlyCount "88"]
[EventDate "2022.09.10"]
[EventType "team-tourn"]
[EventRounds "5"]
[EventCountry "GER"]
[SourceTitle "EXT 2024"]
[Source "ChessBase"]
[SourceDate "2023.10.10"]
[SourceVersion "1"]
[SourceVersionDate "2023.10.10"]
[SourceQuality "1"]
[WhiteTeam "Emsdetten Rochade II"]
[BlackTeam "Rheine Klein Berlin II"]
[WhiteTeamCountry "GER"]
[BlackTeamCountry "GER"]

1. e4 g6 2. d4 Bg7 3. Nf3 d6 4. h3 Nf6 5. Bd3 0-0 6. 0-0 Nbd7 7. Be3 e5 8. dxe5 dxe5 9. c4 Qe7 10. Nc3 c6 11. Qe2 Rd8 12. Rac1 Nc5 13. Bb1 Nh5 14. Rfd1 Bd7 15. Rd2 Ne6 16. Rcd1 Nd4 17. Nxd4 exd4 18. Bxd4 Be6 19. Bxg7 Kxg7 20. b3 Nf4 21. Qe3 Rxd2 22. Qxd2 Qg5 23. f3 Nxh3+ 24. Kf1 Nf4 25. Qf2 Qh5 26. Bc2 Qh2 27. Qg1 Qg3 28. Ne2 Qg5 29. Nxf4 Qxf4 30. Qd4+ Kg8 31. Qd6 Qe3 32. Qd2 Qc5 33. Qd6 Qa5 34. Bb1 h5 35. e5 Re8 36. f4 Qc3 37. Qd3 Qa5 38. Qd6 Kg7 39. Kg1 Qc3 40. Qd4 Qg3 41. Qf2 Qg4 42. Rd4 c5 43. Rd6 b6 44. Bc2 Rh8 1/2-1/2

[Event "Muensterland Verbandsliga 2122"]
[Site "Germany"]
[Date "2021.11.13"]
[Round "2.3"]
[White "Noering, Andreas"]
[Black "Hanewinkel, Martin"]
[Result "1/2-1/2"]
[WhiteElo "1797"]
[BlackElo "1851"]
[PlyCount "69"]
[EventDate "2021.10.02"]
[EventType "team-tourn"]
[EventRounds "2"]
[EventCountry "GER"]
[SourceTitle "EXT 2023"]
[Source "ChessBase"]
[SourceDate "2022.10.05"]
[SourceVersion "1"]
[SourceVersionDate "2022.10.05"]
[SourceQuality "1"]
[WhiteTeam "Emsdetten Rochade II"]
[BlackTeam "Beelen"]
[WhiteTeamCountry "GER"]
[BlackTeamCountry "GER"]

1. e4 c5 2. Nf3 e6 3. d4 cxd4 4. Nxd4 a6 5. Be3 Nf6 6. Nd2 Qc7 7. Be2 Nc6 8. 0-0 d5 9. Nxc6 bxc6 10. exd5 cxd5 11. c4 Bd6 12. h3 Bb7 13. Rc1 Rc8 14. cxd5 Qxc1 15. Qxc1 Rxc1 16. Rxc1 Nxd5 17. Nc4 Bf4 18. Bxf4 Nxf4 19. Bf1 Ke7 20. Nb6 Nd5 21. Nxd5+ Bxd5 22. Rc7+ Kf6 23. b3 a5 24. Bc4 Rd8 25. f3 h5 26. Kf1 g5 27. Ke2 Rd6 28. Bd3 a4 29. bxa4 Bxa2 30. a5 Bd5 31. a6 Rb6 32. Rc2 Rb4 33. a7 Ra4 34. Rc7 e5 35. Bc2 1/2-1/2

[Event "Muensterland Verbandsliga 1920"]
[Site "Germany"]
[Date "2019.09.28"]
[Round "2.3"]
[White "Lanfer, Stefanie"]
[Black "Noering, Andreas"]
[Result "1-0"]
[WhiteElo "1882"]
[BlackElo "1807"]
[PlyCount "79"]
[EventDate "2019.09.07"]
[EventType "team-tourn"]
[EventRounds "7"]
[EventCountry "GER"]
[SourceTitle "EXT 2023"]
[Source "ChessBase"]
[SourceDate "2022.10.05"]
[SourceVersion "1"]
[SourceVersionDate "2022.10.05"]
[SourceQuality "1"]
[WhiteTeam "Gescher"]
[BlackTeam "Emsdetten Rochade II"]
[WhiteTeamCountry "GER"]
[BlackTeamCountry "GER"]

1. e4 e5 2. d4 exd4 3. Qxd4 Nc6 4. Qe3 Nf6 5. Nc3 Bb4 6. Bd2 d6 7. 0-0-0 Qe7 8. f3 Bd7 9. g4 Bc5 10. Qe1 h6 11. g5 hxg5 12. Bxg5 Be6 13. Bb5 0-0-0 14. Bxc6 bxc6 15. Qe2 Kb8 16. Qa6 Bb6 17. Nge2 Bc8 18. Qa4 Bd7 19. Qc4 Qe6 20. Qd3 Rde8 21. h4 Bc8 22. Nd4 Bxd4 23. Qxd4 Nh5 24. Qb4+ Bb7 25. Be3 f5 26. Qa5 a6 27. Rhe1 f4 28. Bd4 Nf6 29. e5 Qf5 30. b4 Nd5 31. exd6 cxd6 32. Bxg7 Rhg8 33. Nxd5 cxd5 34. Bd4 Rc8 35. c3 Rg2 36. Rd2 Rxd2 37. Kxd2 Rg8 38. Re2 Qb1 39. Qa4 Rg1 40. Bxg1 1-0

[Event "Muensterland Verbandsliga 1718"]
[Site "Germany"]
[Date "2018.01.20"]
[Round "5.4"]
[White "Sicking, Norbert"]
[Black "Noering, Andreas"]
[Result "1/2-1/2"]
[WhiteElo "1801"]
[BlackElo "1849"]
[PlyCount "50"]
[EventDate "2017.09.09"]
[EventType "team-tourn"]
[EventRounds "9"]
[EventCountry "GER"]
[SourceTitle "EXT 2019"]
[Source "ChessBase"]
[SourceDate "2018.10.10"]
[SourceVersion "1"]
[SourceVersionDate "2018.10.10"]
[SourceQuality "1"]
[WhiteTeam "Heiden"]
[BlackTeam "Emsdetten Rochade II"]
[WhiteTeamCountry "GER"]
[BlackTeamCountry "GER"]

1. d4 d5 2. Nf3 Nf6 3. g3 c6 4. Bg2 Bf5 5. Nbd2 h6 6. 0-0 Nbd7 7. Re1 e6 8. Nb3 Bd6 9. Nfd2 0-0 10. e4 dxe4 11. Nxe4 Nxe4 12. Bxe4 Qf6 13. c3 Qg6 14. Bxf5 Qxf5 15. Qe2 Nf6 16. Nd2 Rad8 17. Ne4 Qxe4 18. Qxe4 Nxe4 19. Rxe4 Bc7 20. Bf4 Bxf4 21. Rxf4 Rd5 22. Re1 Rfd8 23. Rfe4 c5 24. dxc5 Rxc5 25. Kf1 Rd2 1/2-1/2

[Event "NRW Class1 1718"]
[Site "Germany"]
[Date "2017.12.17"]
[Round "4.6"]
[White "Noering, Andreas"]
[Black "Roemhild, Marcus"]
[Result "1/2-1/2"]
[WhiteElo "1847"]
[BlackElo "2012"]
[PlyCount "149"]
[EventDate "2017.09.17"]
[EventType "team-tourn"]
[EventRounds "9"]
[EventCountry "GER"]
[SourceTitle "EXT 2019"]
[Source "ChessBase"]
[SourceDate "2018.10.10"]
[SourceVersion "1"]
[SourceVersionDate "2018.10.10"]
[SourceQuality "1"]
[WhiteTeam "Emsdetten Rochade"]
[BlackTeam "Bielefeld"]
[WhiteTeamCountry "GER"]
[BlackTeamCountry "GER"]

1. e4 c5 2. Nf3 g6 3. d4 cxd4 4. Nxd4 Nc6 5. c4 Nf6 6. Nc3 d6 7. Be2 Nxd4 8. Qxd4 Bg7 9. Be3 0-0 10. Qd1 Bd7 11. 0-0 Bc6 12. f3 a5 13. Rc1 Nd7 14. Qd2 Nc5 15. Bd4 Bxd4+ 16. Qxd4 Rc8 17. Rfd1 Qb6 18. Rd2 Nd7 19. Qxb6 Nxb6 20. Rdc2 Nd7 21. b3 Rfd8 22. Kf2 Kf8 23. Nd1 Nc5 24. Ne3 e6 25. Rd1 Ke7 26. Rcd2 Rd7 27. Nc2 Ra8 28. Ke3 e5 29. g3 f5 30. exf5 gxf5 31. Bf1 Rf8 32. b4 axb4 33. Nxb4 f4+ 34. gxf4 Rxf4 35. Nd5+ Bxd5 36. Rxd5 Rh4 37. h3 Rd8 38. R5d2 Ne6 39. Rb1 Rd7 40. Rdb2 Nc5 41. Rg2 Kf7 42. Rg4 Rxg4 43. fxg4 Kf6 44. h4 h6 45. Bg2 Rg7 46. Bf3 e4 47. Be2 Ke6 48. Rf1 b6 49. Rf5 Ra7 50. Rh5 Ra3+ 51. Kf2 Rxa2 52. Rxh6+ Ke7 53. Ke3 Ra3+ 54. Kf2 Rh3 55. Kg2 Ra3 56. g5 Ra2 57. Kf1 Ne6 58. Rh7+ Kf8 59. g6 Nd4 60. Rf7+ Kg8 61. Bg4 e3 62. Re7 Rf2+ 63. Kg1 Rf4 64. Be6+ Nxe6 65. Rxe6 Rxh4 66. Rxe3 Rxc4 67. Re6 Rd4 68. Re7 Rg4+ 69. Kf2 Rxg6 70. Rb7 Re6 71. Rxb6 Kf7 72. Rb3 Ke7 73. Re3 Kd7 74. Rxe6 Kxe6 75. Ke2 1/2-1/2

[Event "Muensterland Verbandsliga 1617"]
[Site "Germany"]
[Date "2017.02.25"]
[Round "7.4"]
[White "Noering, Andreas"]
[Black "Cigelski, Rudolf"]
[Result "1/2-1/2"]
[WhiteElo "1836"]
[BlackElo "1822"]
[PlyCount "43"]
[EventDate "2016.09.10"]
[EventType "team"]
[EventRounds "9"]
[EventCountry "GER"]
[SourceTitle "EXT 2018"]
[Source "ChessBase"]
[SourceDate "2017.10.13"]
[SourceVersion "1"]
[SourceVersionDate "2017.10.13"]
[SourceQuality "1"]
[WhiteTeam "Emsdetten Rochade II"]
[BlackTeam "Beelen"]
[WhiteTeamCountry "GER"]
[BlackTeamCountry "GER"]

1. e4 Nc6 2. d4 e5 3. dxe5 Nxe5 4. Nf3 Qf6 5. Be2 Bc5 6. Nc3 Ne7 7. 0-0 0-0 8. Nd5 Nxd5 9. Qxd5 d6 10. Nxe5 Qxe5 11. Qxe5 dxe5 12. Bd2 Be6 13. Bc3 f6 14. Rfd1 Rfd8 15. b3 Rd6 16. Bb2 Rad8 17. Kf1 Kf7 18. f3 Ke7 19. Ke1 Be3 20. Rd3 Rxd3 21. Bxd3 Bd4 22. Ba3+ 1/2-1/2

[Event "Muensterland Verbandsliga 1617"]
[Site "Germany"]
[Date "2017.01.28"]
[Round "6.4"]
[White "Sicking, Norbert"]
[Black "Noering, Andreas"]
[Result "1/2-1/2"]
[WhiteElo "1803"]
[BlackElo "1836"]
[PlyCount "38"]
[EventDate "2016.09.10"]
[EventType "team"]
[EventRounds "9"]
[EventCountry "GER"]
[SourceTitle "EXT 2018"]
[Source "ChessBase"]
[SourceDate "2017.10.13"]
[SourceVersion "1"]
[SourceVersionDate "2017.10.13"]
[SourceQuality "1"]
[WhiteTeam "Heiden"]
[BlackTeam "Emsdetten Rochade II"]
[WhiteTeamCountry "GER"]
[BlackTeamCountry "GER"]

1. d4 d5 2. Nf3 Nf6 3. g3 g6 4. c3 Bg7 5. Bg2 0-0 6. 0-0 Nbd7 7. Nbd2 c6 8. Re1 Re8 9. e4 dxe4 10. Nxe4 Nxe4 11. Rxe4 Nf6 12. Re1 Qb6 13. Qb3 Be6 14. Qxb6 axb6 15. a3 Bd5 16. Ne5 Bxg2 17. Kxg2 b5 18. Bg5 e6 19. Nd3 Nd7 1/2-1/2

[Event "Muensterland Verbandsliga 1617"]
[Site "Germany"]
[Date "2016.11.26"]
[Round "4.4"]
[White "Farwick, Christian"]
[Black "Noering, Andreas"]
[Result "1/2-1/2"]
[WhiteElo "1804"]
[BlackElo "1836"]
[PlyCount "70"]
[EventDate "2016.09.10"]
[EventType "team"]
[EventRounds "9"]
[EventCountry "GER"]
[SourceTitle "EXT 2018"]
[Source "ChessBase"]
[SourceDate "2017.10.13"]
[SourceVersion "1"]
[SourceVersionDate "2017.10.13"]
[SourceQuality "1"]
[WhiteTeam "Borken"]
[BlackTeam "Emsdetten Rochade II"]
[WhiteTeamCountry "GER"]
[BlackTeamCountry "GER"]

1. Nf3 c5 2. c4 g6 3. Nc3 Bg7 4. e4 Nc6 5. Be2 d6 6. 0-0 Nf6 7. d4 cxd4 8. Nxd4 0-0 9. Nxc6 bxc6 10. Qc2 Qc7 11. h3 Bb7 12. Bf4 Nd7 13. Rac1 Rfd8 14. Rfd1 Be5 15. Be3 c5 16. Nd5 Bxd5 17. exd5 a5 18. f4 Bg7 19. Rf1 Rdb8 20. b3 a4 21. f5 axb3 22. axb3 Ra3 23. fxg6 hxg6 24. Rb1 Qa7 25. Bd1 Ne5 26. Qe4 Ra1 27. Rxa1 Qxa1 28. h4 Qc3 29. Qf4 Rf8 30. Bd2 Qd3 31. Qe3 Qxe3+ 32. Bxe3 Ra8 33. h5 gxh5 34. Bxh5 Rf8 35. Bd1 Ra8 1/2-1/2

[Event "Muensterland Verbandsliga 1617"]
[Site "Germany"]
[Date "2016.10.01"]
[Round "2.3"]
[White "Diehlmann, Christian"]
[Black "Noering, Andreas"]
[Result "1-0"]
[WhiteElo "1870"]
[BlackElo "1836"]
[PlyCount "53"]
[EventDate "2016.09.10"]
[EventType "team"]
[EventRounds "9"]
[EventCountry "GER"]
[SourceTitle "EXT 2018"]
[Source "ChessBase"]
[SourceDate "2017.10.13"]
[SourceVersion "1"]
[SourceVersionDate "2017.10.13"]
[SourceQuality "1"]
[WhiteTeam "Ahaus Wessum"]
[BlackTeam "Emsdetten Rochade II"]
[WhiteTeamCountry "GER"]
[BlackTeamCountry "GER"]

1. d4 d5 2. c4 dxc4 3. e3 Nf6 4. Bxc4 e6 5. Nf3 Be7 6. 0-0 Nbd7 7. Nc3 0-0 8. b3 b6 9. Bb2 Bb7 10. Qe2 Ne4 11. Rac1 Bf6 12. Rfd1 Qe7 13. Bb5 Rfd8 14. Nxe4 Bxe4 15. Rxc7 Qd6 16. Rdc1 Nc5 17. Nd2 Bb7 18. R1xc5 bxc5 19. Rxb7 cxd4 20. Ne4 Qe5 21. Nxf6+ Qxf6 22. Bxd4 Qf5 23. Bd3 Qd5 24. Rb5 Qd6 25. Qg4 g6 26. Qg5 e5 27. Qxe5 1-0

[Event "Muensterland Verbandsliga 1516"]
[Site "Germany"]
[Date "2015.10.24"]
[Round "2.4"]
[White "Noering, Andreas"]
[Black "Waeltermann, Thomas"]
[Result "1/2-1/2"]
[WhiteElo "1839"]
[BlackElo "1777"]
[PlyCount "30"]
[EventDate "2015.09.12"]
[EventType "team"]
[EventRounds "9"]
[EventCountry "GER"]
[SourceTitle "EXT 2017"]
[Source "ChessBase"]
[SourceDate "2016.10.25"]
[SourceVersion "1"]
[SourceVersionDate "2016.10.25"]
[SourceQuality "1"]
[WhiteTeam "Emsdetten Rochade II"]
[BlackTeam "Beelen"]
[WhiteTeamCountry "GER"]
[BlackTeamCountry "GER"]

1. e4 c5 2. Nf3 d6 3. d4 cxd4 4. Nxd4 a6 5. Nc3 e5 6. Nf5 Be6 7. Be2 g6 8. Ne3 Bg7 9. Ned5 Nf6 10. Bg5 Nbd7 11. Qd2 h6 12. Nxf6+ Nxf6 13. Bxf6 Bxf6 14. Rd1 Qa5 15. Nd5 Qxd2+ 1/2-1/2

[Event "Muensterland Regionalliga 1415"]
[Site "Germany"]
[Date "2015.01.17"]
[Round "5.8"]
[White "Schaefer, Guenter"]
[Black "Noering, Andreas"]
[Result "1/2-1/2"]
[WhiteElo "1911"]
[BlackElo "1851"]
[PlyCount "89"]
[EventDate "2014.09.20"]
[EventType "team-tourn"]
[EventRounds "9"]
[EventCountry "GER"]
[SourceTitle "EXT 2016"]
[Source "ChessBase"]
[SourceDate "2015.10.08"]
[SourceVersion "1"]
[SourceVersionDate "2015.10.08"]
[SourceQuality "1"]
[WhiteTeam "Nienberge"]
[BlackTeam "Emsdetten Rochade"]
[WhiteTeamCountry "GER"]
[BlackTeamCountry "GER"]

1. e4 e5 2. Nc3 Nc6 3. Bc4 Nf6 4. d3 d6 5. Nge2 Be6 6. Nd5 Na5 7. Nxf6+ Qxf6 8. Bxe6 Qxe6 9. 0-0 Be7 10. f4 Nc6 11. f5 Qd7 12. c4 h6 13. Be3 Bf6 14. Qb3 0-0 15. Qd1 Qd8 16. Rf3 Nd4 17. Rg3 Bh4 18. Rh3 Nxe2+ 19. Qxe2 Bg5 20. Rf1 Bxe3+ 21. Qxe3 Qf6 22. Rh5 Rfd8 23. g4 Kf8 24. h4 Ke8 25. g5 hxg5 26. hxg5 Qe7 27. f6 gxf6 28. Rxf6 Kd7 29. Qh3+ Kc6 30. Qf5 Rf8 31. Rh7 Rae8 32. d4 a6 33. d5+ Kb6 34. Rhxf7 Rxf7 35. Rxf7 Qd8 36. Qf2+ c5 37. Qg3 Rg8 38. g6 Qe8 39. b4 cxb4 40. Qf2+ Ka5 41. g7 Qa4 42. Rxb7 Qd1+ 43. Kg2 Qg4+ 44. Kf1 Qd1+ 45. Kg2 1/2-1/2

[Event "Muensterland Regionalliga 1415"]
[Site "Germany"]
[Date "2014.12.13"]
[Round "4.7"]
[White "Hoffmann, Fabian"]
[Black "Noering, Andreas"]
[Result "0-1"]
[WhiteElo "1625"]
[BlackElo "1851"]
[PlyCount "88"]
[EventDate "2014.09.20"]
[EventType "team-tourn"]
[EventRounds "9"]
[EventCountry "GER"]
[SourceTitle "EXT 2016"]
[Source "ChessBase"]
[SourceDate "2015.10.08"]
[SourceVersion "1"]
[SourceVersionDate "2015.10.08"]
[SourceQuality "1"]
[WhiteTeam "Raesfeld Erle"]
[BlackTeam "Emsdetten Rochade"]
[WhiteTeamCountry "GER"]
[BlackTeamCountry "GER"]

1. e4 c6 2. d4 d5 3. exd5 cxd5 4. c4 e6 5. Nf3 Nf6 6. Nc3 Nc6 7. Bf4 Bd6 8. Bxd6 Qxd6 9. c5 Qd8 10. Bd3 a6 11. 0-0 0-0 12. a3 Bd7 13. b4 Re8 14. Re1 Qc7 15. b5 Ne7 16. a4 Ng6 17. Bxg6 hxg6 18. Ne5 Rec8 19. Qf3 Be8 20. b6 Qe7 21. g4 Nd7 22. Nxd5 exd5 23. Nxg6 Qg5 24. Ne7+ Kf8 25. Nxc8 Rxc8 26. Re3 Nf6 27. h3 Ne4 28. Qe2 Bc6 29. Raa3 Qf6 30. Qb2 Ng5 31. Qc2 Re8 32. Rxe8+ Bxe8 33. Qd3 Ne6 34. Qg3 Qf4 35. Qxf4 Nxf4 36. Kf1 Bc6 37. Ke1 Ne6 38. a5 Nxd4 39. Re3 Ne6 40. Rc3 Ke7 41. Kd2 d4 42. Rc4 Kd7 43. f4 Bb5 44. Rb4 Kc6 0-1

[Event "Muensterland Regionalliga 1314"]
[Site "Germany"]
[Date "2014.05.03"]
[Round "9.7"]
[White "Rothkegel, Juergen"]
[Black "Noering, Andreas"]
[Result "1/2-1/2"]
[WhiteElo "1902"]
[BlackElo "1798"]
[PlyCount "34"]
[EventDate "2013.09.07"]
[EventType "team-tourn"]
[EventRounds "9"]
[EventCountry "GER"]
[SourceTitle "EXT 2015"]
[Source "ChessBase"]
[SourceDate "2014.11.20"]
[SourceVersion "1"]
[SourceVersionDate "2014.11.20"]
[SourceQuality "1"]
[WhiteTeam "Gronau"]
[BlackTeam "Emsdetten Rochade"]
[WhiteTeamCountry "GER"]
[BlackTeamCountry "GER"]

1. e4 c5 2. Nf3 Nc6 3. d4 cxd4 4. Nxd4 g6 5. Nc3 Bg7 6. Be3 Nf6 7. Bc4 a6 8. Nxc6 bxc6 9. e5 Ng8 10. Bd4 Nh6 11. e6 0-0 12. exf7+ Nxf7 13. Bxg7 Kxg7 14. 0-0 d5 15. Be2 e5 16. Qd2 Rb8 17. Na4 Nd6 1/2-1/2

[Event "Muensterland Regionalliga 1314"]
[Site "Germany"]
[Date "2013.12.07"]
[Round "4.7"]
[White "Noering, Andreas"]
[Black "Niermann, Rainer"]
[Result "0-1"]
[WhiteElo "1798"]
[BlackElo "2055"]
[PlyCount "132"]
[EventDate "2013.09.07"]
[EventType "team-tourn"]
[EventRounds "9"]
[EventCountry "GER"]
[SourceTitle "EXT 2015"]
[Source "ChessBase"]
[SourceDate "2014.11.20"]
[SourceVersion "1"]
[SourceVersionDate "2014.11.20"]
[SourceQuality "1"]
[WhiteTeam "Emsdetten Rochade"]
[BlackTeam "Muenster SK II"]
[WhiteTeamCountry "GER"]
[BlackTeamCountry "GER"]

1. e4 e6 2. d4 d5 3. exd5 exd5 4. Nf3 Bd6 5. Bd3 Bg4 6. h3 Bh5 7. Be3 Nc6 8. c3 Qf6 9. Nbd2 Nge7 10. Qc2 Bg6 11. 0-0-0 0-0-0 12. Bg5 Bxd3 13. Qxd3 Qg6 14. Qxg6 hxg6 15. Nf1 f6 16. Bd2 Nf5 17. Ne3 Nce7 18. Rde1 Kd7 19. Re2 g5 20. Rhe1 Nxe3 21. Bxe3 Ng6 22. Kd2 Rde8 23. Kd3 Bf4 24. Kd2 Re4 25. Ng1 Bh2 26. Nf3 Bd6 27. Kd3 Rh5 28. Bc1 g4 29. hxg4 Rxg4 30. g3 Rh3 31. Ng1 Rh1 32. Nf3 Rh5 33. Be3 f5 34. Kc2 f4 35. gxf4 Bxf4 36. Rg1 Rxg1 37. Nxg1 Bd6 38. Nf3 Rf5 39. Ne1 Nh4 40. Nd3 Nf3 41. Ne1 Ng1 42. Rd2 Ke6 43. Nd3 g5 44. Rd1 Nf3 45. Rh1 b6 46. Ne1 g4 47. Kd1 Nxe1 48. Kxe1 Rf3 49. Ke2 Rh3 50. Rg1 Kf5 51. Bd2 Rh2 52. Be3 g3 53. Kf3 a5 54. b3 b5 55. a4 c6 56. Ra1 gxf2 57. Rf1 Rh3+ 58. Kxf2 Ke4 59. Bd2 Rf3+ 60. Ke2 Rxf1 61. Kxf1 Kd3 62. Ke1 Kc2 63. axb5 cxb5 64. c4 a4 65. bxa4 bxa4 66. c5 Bg3+ 0-1

[Event "Muensterland Verbandsklasse-B 1213"]
[Site "Germany"]
[Date "2013.02.23"]
[Round "6.6"]
[White "Schley, Robert"]
[Black "Noering, Andreas"]
[Result "1/2-1/2"]
[WhiteElo "1556"]
[BlackElo "1832"]
[PlyCount "158"]
[EventDate "2012.09.15"]
[EventType "team-tourn"]
[EventRounds "9"]
[EventCountry "GER"]
[SourceTitle "EXT 2015"]
[Source "ChessBase"]
[SourceDate "2014.11.20"]
[SourceVersion "1"]
[SourceVersionDate "2014.11.20"]
[SourceQuality "1"]
[WhiteTeam "Stadtlohn"]
[BlackTeam "Emsdetten Rochade"]
[WhiteTeamCountry "GER"]
[BlackTeamCountry "GER"]

1. e4 c5 2. Nf3 d6 3. Be2 g6 4. c3 Nf6 5. 0-0 Nc6 6. d4 Bg7 7. h3 0-0 8. d5 Nb8 9. Nbd2 Nbd7 10. Re1 Re8 11. Rb1 a6 12. c4 Rb8 13. a4 Nf8 14. b3 Bd7 15. Bb2 b5 16. axb5 axb5 17. Qc2 bxc4 18. bxc4 e5 19. Bd3 Nh5 20. Nf1 Nf4 21. Bc1 Qf6 22. Bxf4 Qxf4 23. Qd2 Qf6 24. Qg5 Qxg5 25. Nxg5 Bh6 26. Nf3 f5 27. N1d2 Bxd2 28. Nxd2 h6 29. Kh2 Nh7 30. g3 Kf7 31. Kg2 Nf6 32. Kf3 Ke7 33. Kg2 fxe4 34. Nxe4 Bf5 35. f3 Bxe4 36. Bxe4 g5 37. Bf5 Nh5 38. Bg6 Ng7 39. Bxe8 Rxe8 40. f4 gxf4 41. gxf4 Kf6 42. fxe5+ Rxe5 43. Rf1+ Nf5 44. Rbe1 h5 45. h4 Rxe1 46. Rxe1 Nxh4+ 47. Kg3 Nf5+ 48. Kf4 Nd4 49. Re8 Kf7 50. Rh8 Kg6 51. Rg8+ Kf7 52. Rg5 Nb3 53. Ke3 h4 54. Rh5 Nd4 55. Ke4 Kg6 56. Rxh4 Kg5 57. Rh8 Kf6 58. Rh6+ Ke7 59. Kf4 Kd7 60. Rh7+ Ke8 61. Kg5 Kd8 62. Kf6 Nf3 63. Rh3 Ne5 64. Rc3 Kd7 65. Rc2 Ng4+ 66. Kf7 Ne5+ 67. Kf8 Ng6+ 68. Kg7 Ne5 69. Kf6 Ng4+ 70. Kg5 Ne5 71. Kf4 Ng6+ 72. Ke4 Ne5 73. Ke3 Ng4+ 74. Kd3 Ne5+ 75. Kc3 Kc7 76. Re2 Nd7 77. Re6 Nb6 78. Re7+ Kc8 79. Kb3 Kb8 1/2-1/2

[Event "Muensterland Verbandsklasse-B 1213"]
[Site "Germany"]
[Date "2012.09.15"]
[Round "1.6"]
[White "Noering, Andreas"]
[Black "Wagner, Nils"]
[Result "1-0"]
[WhiteElo "1832"]
[BlackElo "1607"]
[PlyCount "85"]
[EventDate "2012.09.15"]
[EventType "team-tourn"]
[EventRounds "9"]
[EventCountry "GER"]
[SourceTitle "EXT 2015"]
[Source "ChessBase"]
[SourceDate "2014.11.20"]
[SourceVersion "1"]
[SourceVersionDate "2014.11.20"]
[SourceQuality "1"]
[WhiteTeam "Emsdetten Rochade"]
[BlackTeam "Borken"]
[WhiteTeamCountry "GER"]
[BlackTeamCountry "GER"]

1. e4 d5 2. exd5 Qxd5 3. Nc3 Qd6 4. d4 Nf6 5. Nf3 a6 6. h3 b5 7. Bd3 Bb7 8. Qe2 Nbd7 9. Ne4 Nxe4 10. Bxe4 Bxe4 11. Qxe4 Rd8 12. c3 e6 13. Bf4 Qb6 14. Ne5 Nxe5 15. Bxe5 c5 16. 0-0 cxd4 17. Bxd4 Qc7 18. Rad1 Rd5 19. Bxg7 Rxd1 20. Bxh8 Rxf1+ 21. Kxf1 Qc4+ 22. Qxc4 bxc4 23. Bd4 Kd7 24. b3 cxb3 25. axb3 f5 26. Ke2 Kc6 27. Kd3 Bd6 28. g4 fxg4 29. hxg4 e5 30. Be3 Kd5 31. c4+ Ke6 32. c5 Bc7 33. Kc4 Bd8 34. b4 Bc7 35. b5 axb5+ 36. Kxb5 Kd5 37. c6 e4 38. Bb6 Kd6 39. Bxc7+ Kxc7 40. Kc5 h6 41. Kd4 Kxc6 42. Kxe4 Kd6 43. Kf5 1-0